000 01133nam a2200253Ia 4500
999 _c52517
_d52517
001 19541
003 GE_BSU
005 20200227104952.0
008 181216s2000||||g |||||||||||||| ||geo||
020 _aISBN 99928-44-08-6
040 _cGE_BSU
041 _ageo
080 _a811.353.1+ 910.14(479.22) ც-51
100 _aცეცხლაძე, ნუგზარ
_97538
245 _aშავშეთ - იმერხევის ტოპონიმია /
_cნუგზარ ცეცხლაძე ; რედ. კონსტანტინე ჭრელაშვილი.
264 _aბათუმი :
_bაჭარა,
_c2000.
300 _a280 გვ. :
_bსქ. ;
_c20 სმ.
504 _a ბიბლიოგრ. : გვ. 269-277
520 _aრეზიუმე რუსულ ენაზე
541 _h10ლ.
653 _aსამხრეთ - დასავლეთ საქართველოს ტოპონიმიკა
700 _aჭრელაშვილი, კონსტანტინე
_eრედაქტორი
_97539
942 _cBK
_2udc